000
00391nam a2200193Ia 4500
003
IT-RoPAU
008
120407s9999 xx 000 0 und d
040
_a
IT-RoPAU
040
_c
IT-RoPAU
041
_a
ita
100
_a
Federico Tozzi
245
_a
Tre croci. Giovani.
260
_a
Vallecchi
260
_c
1943
300
_c
cm
490
_v
1
942
_c
BK
999
_c
14003
_d
14003